[Event "Avoine op 30th"]
[Site "Avoine"]
[Date "2015.07.24"]
[Round "7"]
[White "Baroudel, Hadrien"]
[Black "Cau, Benjamin"]
[Result "0-1"]
[WhiteElo "1985"]
[BlackElo "2133"]
[PlyCount "94"]
[EventDate "2015.07.18"]
[EventType "swiss"]
[EventRounds "9"]
[EventCountry "FRA"]
[SourceTitle "EXT 2016"]
[Source "ChessBase"]
[SourceDate "2015.10.08"]
[SourceVersion "1"]
[SourceVersionDate "2015.10.08"]
[SourceQuality "1"]

1. e4 c6 2. d4 d5 3. exd5 cxd5 4. c4 Nf6 5. Nc3 e6 6. cxd5 Nxd5 7. Bb5+ Bd7 8. Qb3 Bxb5 9. Qxb5+ Qd7 10. Qxd7+ Kxd7 11. Nxd5 exd5 12. Nf3 Bb4+ 13. Bd2 Bd6 14. 0-0 Nc6 15. a3 f6 16. Bc3 b5 17. Nd2 a5 18. Nb3 b4 19. axb4 axb4 20. Bd2 Rhe8 21. g3 Kc7 22. Rac1 Kb6 23. Rc2 Kb5 24. Rfc1 Na5 25. Nxa5 Rxa5 26. Rc6 Rd8 27. b3 Ra3 28. Bf4 Ra1 29. Rxa1 Kxc6 30. Ra6+ Kc7 31. Bxd6+ Rxd6 32. Ra7+ Kb6 33. Rxg7 Rc6 34. Rd7 Rc3 35. Rd6+ Kc7 36. Rxd5 Rxb3 37. Rh5 Rc3 38. Rb5 b3 39. d5 Kd6 40. Kf1 Ke5 41. Kg2 Rd3 42. Rb6 Kxd5 43. Rxf6 Kc5 44. Rf7 Rd6 45. Rf5+ Kc4 46. Rf4+ Rd4 47. Rf7 b2 0-1

[Event "Avoine op 29th"]
[Site "Avoine"]
[Date "2014.07.23"]
[Round "5"]
[White "Baroudel, Hadrien"]
[Black "Caille, Vincent"]
[Result "0-1"]
[WhiteElo "1967"]
[BlackElo "2113"]
[PlyCount "72"]
[EventDate "2014.07.19"]
[EventType "swiss"]
[EventRounds "9"]
[EventCountry "FRA"]
[SourceTitle "CBM 161 Extra"]
[Source "ChessBase"]
[SourceDate "2014.08.29"]
[SourceVersion "1"]
[SourceVersionDate "2014.08.29"]
[SourceQuality "1"]

1. e4 c5 2. Nc3 Nc6 3. g3 g6 4. Bg2 Bg7 5. d3 e6 6. Be3 Nd4 7. Qd2 Ne7 8. Nd1 d6 9. c3 Ndc6 10. Bh6 0-0 11. h4 f6 12. Bxg7 Kxg7 13. h5 Rh8 14. f4 d5 15. Nf2 b5 16. Ne2 Bb7 17. 0-0-0 b4 18. hxg6 h6 19. exd5 exd5 20. Kb1 Ba6 21. g4 Nxg6 22. f5 bxc3 23. Qxc3 Qe7 24. Rhe1 Nge5 25. Nf4 d4 26. Ng6 dxc3 27. Nxe7 Nxe7 28. Bxa8 Rxa8 29. bxc3 Nd5 30. Kc2 Rb8 31. Re4 c4 32. d4 Nd3 33. Nxd3 cxd3+ 34. Kc1 Nxc3 35. Re7+ Kf8 36. Rde1 Ne2+ 0-1

[Event "Avoine op 26th"]
[Site "Avoine"]
[Date "2011.07.28"]
[Round "6"]
[White "Baroudel, Hadrien"]
[Black "Le Goff, Ronan"]
[Result "0-1"]
[WhiteElo "1909"]
[BlackElo "2104"]
[PlyCount "56"]
[EventDate "2011.07.23"]
[EventType "swiss"]
[EventRounds "9"]
[EventCountry "FRA"]
[SourceTitle "EXT 2012"]
[Source "ChessBase"]
[SourceDate "2011.11.24"]
[SourceVersion "1"]
[SourceVersionDate "2011.11.24"]
[SourceQuality "1"]

1. d4 d5 2. c4 e6 3. Nc3 Nf6 4. cxd5 exd5 5. Bg5 Nbd7 6. e3 Be7 7. Bd3 0-0 8. Nf3 b6 9. 0-0 Bb7 10. Qe2 a6 11. Rfd1 Ne4 12. Bxe7 Qxe7 13. Nd2 f5 14. f4 c5 15. Nf3 c4 16. Bxe4 fxe4 17. Ne5 b5 18. Rac1 Nb6 19. Qh5 b4 20. Nb1 Nd7 21. Rc2 Qe6 22. g4 a5 23. Rg2 Rad8 24. Rf2 Nxe5 25. fxe5 Rxf2 26. Kxf2 Rf8+ 27. Ke2 Ba6 28. Kd2 Qc6 0-1

[Event "FRA-ch op-C"]
[Site "Nimes"]
[Date "2009.08.19"]
[Round "8"]
[White "Baroudel, Hadrien"]
[Black "Dell'Unto, Anthony"]
[Result "1-0"]
[WhiteElo "1709"]
[BlackElo "1730"]
[PlyCount "85"]
[EventDate "2009.08.11"]
[EventType "swiss"]
[EventRounds "11"]
[EventCountry "FRA"]
[SourceTitle "EXT 2011"]
[Source "ChessBase"]
[SourceDate "2010.11.26"]
[SourceVersion "1"]
[SourceVersionDate "2010.11.26"]
[SourceQuality "1"]

1. e4 c5 2. Nc3 d6 3. g3 Nc6 4. Bg2 g6 5. d3 Bg7 6. Be3 Nf6 7. h3 Rb8 8. Qd2 Nd4 9. Nce2 Nxe2 10. Nxe2 0-0 11. d4 b6 12. 0-0 Bb7 13. d5 e6 14. Rad1 exd5 15. exd5 Nd7 16. Bh6 Qf6 17. Bxg7 Kxg7 18. Qc3 Rfe8 19. Rfe1 Ba6 20. Qxf6+ Nxf6 21. Nc3 g5 22. a4 h6 23. Bf1 Bxf1 24. Kxf1 a6 25. Rxe8 Rxe8 26. Re1 Rxe1+ 27. Kxe1 Kg6 28. g4 h5 29. f3 Kg7 30. Kf2 Kf8 31. Kg3 h4+ 32. Kf2 Ke7 33. f4 gxf4 34. Kf3 b5 35. axb5 axb5 36. g5 Nh5 37. Nxb5 f5 38. Nc7 Kf7 39. Ne6 Kg6 40. Nxf4+ Kxg5 41. Nxh5 Kxh5 42. Kf4 Kg6 43. b3 1-0

[Event "FRA-ch op-C"]
[Site "Nimes"]
[Date "2009.08.13"]
[Round "3"]
[White "Baroudel, Hadrien"]
[Black "Robion, Jean Claude"]
[Result "1-0"]
[WhiteElo "1709"]
[BlackElo "1766"]
[PlyCount "71"]
[EventDate "2009.08.11"]
[EventType "swiss"]
[EventRounds "11"]
[EventCountry "FRA"]
[SourceTitle "EXT 2011"]
[Source "ChessBase"]
[SourceDate "2010.11.26"]
[SourceVersion "1"]
[SourceVersionDate "2010.11.26"]
[SourceQuality "1"]

1. e4 e5 2. Nf3 Nc6 3. Bc4 Nf6 4. d3 Bc5 5. c3 d6 6. Nbd2 Bg4 7. Qb3 0-0 8. Qxb7 Bd7 9. Qb3 Ng4 10. 0-0 Na5 11. Qc2 Nxc4 12. Nxc4 Be6 13. Ne3 c6 14. h3 Nf6 15. d4 exd4 16. cxd4 Bb6 17. b3 Qd7 18. Bb2 Nh5 19. Ng5 h6 20. Nxe6 fxe6 21. Nc4 e5 22. Nxb6 axb6 23. dxe5 Nf4 24. exd6 Nxh3+ 25. gxh3 Rf3 26. Rfe1 Qxh3 27. Re3 Raf8 28. Rxf3 Rxf3 29. Be5 h5 30. Rd1 Qg4+ 31. Bg3 h4 32. d7 hxg3 33. d8Q+ Kh7 34. e5+ Rf5 35. f3 Qxf3 36. Qxf5+ 1-0

[Event "Issy les Moulineaux tt"]
[Site "Issy les Moulineaux"]
[Date "2008.11.22"]
[Round "2.7"]
[White "Baroudel, Hadrien"]
[Black "Chandesris, Ludovic"]
[Result "0-1"]
[WhiteElo "1830"]
[BlackElo "1917"]
[PlyCount "68"]
[EventDate "2008.10.19"]
[EventType "team-tourn"]
[EventRounds "7"]
[EventCountry "FRA"]
[SourceTitle "EXT 2010"]
[Source "ChessBase"]
[SourceDate "2010.11.25"]
[SourceVersion "1"]
[SourceVersionDate "2010.11.25"]
[SourceQuality "1"]
[WhiteTeam "Saint Georges"]
[BlackTeam "Lutece"]
[WhiteTeamCountry "FRA"]
[BlackTeamCountry "FRA"]

1. e4 c5 2. Nc3 Nc6 3. g3 d6 4. Bg2 Nf6 5. d3 g6 6. h3 Bg7 7. Be3 0-0 8. Qd2 Rb8 9. Bh6 b5 10. Bxg7 Kxg7 11. a3 a5 12. f4 e5 13. Nf3 b4 14. axb4 axb4 15. Ne2 b3 16. c4 Nb4 17. 0-0 Nc2 18. Rab1 Re8 19. Nc3 Bb7 20. Ne1 Nd4 21. Nf3 Ra8 22. fxe5 dxe5 23. Nxd4 Qxd4+ 24. Kh2 Rad8 25. Nd5 Bxd5 26. exd5 e4 27. Qc3 Qxc3 28. bxc3 exd3 29. Rfd1 Re2 30. Re1 Rxe1 31. Rxe1 d2 32. Rb1 Re8 33. Bf3 Re1 34. Rxb3 Rf1 0-1

[Event "FRA-ch U12"]
[Site "La Roche sur Yon"]
[Date "2008.04.21"]
[Round "1"]
[White "Baroudel, Hadrien"]
[Black "Lamard, Guillaume"]
[Result "0-1"]
[WhiteElo "1580"]
[BlackElo "2024"]
[PlyCount "58"]
[EventDate "2008.04.21"]
[EventType "swiss"]
[EventRounds "9"]
[EventCountry "FRA"]
[SourceTitle "EXT 2010"]
[Source "ChessBase"]
[SourceDate "2010.11.25"]
[SourceVersion "1"]
[SourceVersionDate "2010.11.25"]
[SourceQuality "1"]

1. e4 c5 2. Nc3 e6 3. g3 Nc6 4. Bg2 g6 5. d3 Bg7 6. Be3 d6 7. Qd2 Rb8 8. Nge2 b5 9. a3 b4 10. axb4 Rxb4 11. b3 Qc7 12. 0-0 Nge7 13. Bh6 0-0 14. h4 f5 15. h5 fxe4 16. Bxg7 Kxg7 17. Nf4 exd3 18. hxg6 hxg6 19. Qxd3 Ne5 20. Qe3 Nf5 21. Qe1 Nd4 22. Qd1 a5 23. Ne4 Nf5 24. Re1 d5 25. Nxc5 Qxc5 26. Rxe5 Nxg3 27. Qg4 Rbxf4 28. Qxg3 Rxf2 29. Kh1 Qxc2 0-1